Question Bank of Microbiology/ (Record no. 194181)

MARC details
000 -LEADER
fixed length control field 00586nam a22001937a 4500
005 - DATE AND TIME OF LATEST TRANSACTION
control field 20221209113356.0
010 ## - LCCN (DPL NO)
LC control number ENG-135802
020 ## - INTERNATIONAL STANDARD BOOK NUMBER
International Standard Book Number 9789351246770
Terms of availability 395.00
035 ## - SYSTEM CONTROL NUMBER
System control number EN-119334
037 ## - SOURCE OF ACQUISITION
Source of stock number/acquisition DBAD/PUB
082 ## - DEWEY DECIMAL CLASSIFICATION NUMBER
Classification number 576
100 ## - MAIN ENTRY--PERSONAL NAME
Personal name Adesh Kumar
245 ## - TITLE STATEMENT
Title Question Bank of Microbiology/
260 ## - PUBLICATION, DISTRIBUTION, ETC. (IMPRINT)
Place of publication, distribution, etc New Delhi
Name of publisher, distributor, etc Astral International Pvt. Ltd
Date of publication, distribution, etc 2022
270 ## - ADDRESS
Address 4736/23 Ansari Road Daryaganj
City New Delhi
Postal code 110002
Electronic mail address info@astralint.com
Telephone number 011-43549197,
300 ## - PHYSICAL DESCRIPTION
Extent v, 394p.
Dimensions 20cm(pbk)
700 ## - ADDED ENTRY--PERSONAL NAME
Personal name Sushil Kumar Singh
942 ## - ADDED ENTRY ELEMENTS (KOHA)
Source of classification or shelving scheme Dewey Decimal Classification
Item type English Books
Classification part 576
Call number suffix ADE
Holdings
Withdrawn status Lost status Not for loan Collection code Home library Current library Date acquired Source of acquisition Cost, normal purchase price Full call number Barcode Copy number Cost, replacement price Koha item type
      Non-fiction Ashok Vihar Ashok Vihar 09/12/2022 DBAD/PUB 395.00 576 ADE EN-119334 1 395.00 English Books

© Delhi Public Library
Hit Counter
free hit counter